Japan's economic recovery

Gespeichert in:
Bibliographische Detailangaben
1. Verfasser: Allen, G. C.
Format: Buch
Sprache:Undetermined
Veröffentlicht: London Oxford University Press 1958
Schlagworte:
Tags: Tag hinzufügen
Keine Tags, Fügen Sie den ersten Tag hinzu!
Thư viện lưu trữ: Trung tâm Học liệu Trường Đại học Cần Thơ
LEADER 00471nam a2200181Ia 4500
001 CTU_86363
008 210402s9999 xx 000 0 und d
082 |a 330.952 
082 |b A425 
100 |a Allen, G. C. 
245 0 |a Japan's economic recovery 
245 0 |c G. C. Allen 
260 |a London 
260 |b Oxford University Press 
260 |c 1958 
650 |a Economic conditions 
904 |i Năm 
980 |a Trung tâm Học liệu Trường Đại học Cần Thơ